|
|
|
|
| LEADER |
00000nam0a2200000 4500 |
| 001 |
106998 |
| 005 |
20231031115114.0 |
| 010 |
|
|
|a 594723369X
|
| 035 |
|
|
|a (RuTPU)RU\TPU\book\115537
|
| 090 |
|
|
|a 106998
|
| 100 |
|
|
|a 20061215d2007 m y0rusy50 ca
|
| 101 |
0 |
|
|a rus
|
| 102 |
|
|
|a RU
|
| 105 |
|
|
|a y j 001zy
|
| 200 |
1 |
|
|a Гендерная психология
|e учебное пособие для вузов
|f Т. В. Бендас
|
| 210 |
|
|
|a СПб.
|c Питер
|d 2007
|
| 215 |
|
|
|a 431 с.
|
| 225 |
1 |
|
|a Учебное пособие
|
| 225 |
1 |
|
|a Издательская программа "300 лучших учебников для высшей школы в честь 300-летия Санкт-Петербурга"
|
| 320 |
|
|
|a Предм. указ.: с. 429-430.
|
| 330 |
|
|
|a В учебном пособии представлена новая отрасль психологической науки — тендерная психология. По разным проявлениям психики и поведения сравниваются девочки и мальчики, женщины и мужчины. Используются материалы многочисленных отечественных и зарубежных исследований (в том числе — не переведенных на русский язык). Учебные задания разнообразны: подготовка доклада и реферата, проведение пилотажных исследований, тренинговые упражнения, темы групповых дискуссий, творческие задания. В Приложении помещены методики, используемые для сравнения мужчин и женщин по различным позициям. Некоторые из них представлены как учебные задания. Их применение позволит студентам и аспирантам приобрести навыки работы с данными методиками. Учебное пособие предназначено для студентов и аспирантов, обучающихся по специальности «Психология». Оно может быть также полезно преподавателям, которые читают курс тендерной психологии, и специалистам, чьи профессиональные интересы связаны с проблемами дифференциации мужчин и женщин.
|
| 610 |
1 |
|
|a психология
|
| 610 |
1 |
|
|a личность
|
| 610 |
1 |
|
|a пол
|
| 610 |
1 |
|
|a гендер
|
| 610 |
1 |
|
|a гендерная психология
|
| 610 |
1 |
|
|a теория
|
| 610 |
1 |
|
|a история
|
| 610 |
1 |
|
|a демография
|
| 610 |
1 |
|
|a личностные черты
|
| 610 |
1 |
|
|a гендерные отношения
|
| 610 |
1 |
|
|a психомоторная организация
|
| 610 |
1 |
|
|a ощущения
|
| 610 |
1 |
|
|a восприятие
|
| 610 |
1 |
|
|a социальное поведение
|
| 610 |
1 |
|
|a учебные пособия
|
| 686 |
|
|
|a Ю937.3я73
|v LBC/SL-A
|2 rubbk
|
| 700 |
|
1 |
|a Бендас
|b Т. В.
|g Татьяна Владимировна
|
| 801 |
|
1 |
|a RU
|b 63413507
|c 20061215
|g PSBO
|
| 801 |
|
2 |
|a RU
|b 63413507
|c 20120312
|g PSBO
|
| 900 |
|
|
|a Гендерология и феминология
|
| 942 |
|
|
|c BK
|
| 959 |
|
|
|a 112/20061215
|d 1
|e 189,00
|f ЧЗГЛ:1
|